000 00845nam a2200265 u 4500
001 67226
005 20211108084849.0
008 170421s2016 xxu r 000 0 eng d
020 _a9781138808515
040 _erda
041 0 _aeng
082 0 _a150.1988
_bIVT
100 1 _aIvtzan, Itai,
_eeditor
_94275
245 1 0 _aMindfulness in positive psychology :
_bthe science of meditation and wellbeing /
_cItai Ivtzan and Tim Lomas.
250 _aFirst edition
264 1 _aUnited States of America :
_bRoutledge,
_c2016
300 _aix, 348 páginas ;
_c24 cm.
336 _atexto
_2rdacontent
_btxt
337 _asin medio
_2rdamedia
_bn
338 _avolumen
_2rdacarrier
_bnc
650 4 _aPsicología positiva
650 4 _aAtención plena (Psicología)
650 4 _aMeditación
999 _c67226
_d67226
942 _h150.1988
_iIVT
_cLI